[Event "Guimaraes Open 2019"]
[Site "Guimaraes"]
[Date "2019.09.01"]
[Round "7.28"]
[White "Duller Llopis, Jouke"]
[Black "Fidalgo, Daniel Neves"]
[Result "0-1"]
[WhiteElo "1781"]
[BlackElo "2089"]
[Annotator "NA"]
[PlyCount "120"]
[EventDate "2019.08.28"]
[EventType "swiss"]
[EventCountry "POR"]
[SourceTitle "playchess.com"]
[Source "ChessBase"]
[SourceQuality "1"]
[TimeControl "5400+30"]

1. Nf3 {[%emt 0:00:00]} Nf6 {[%emt 0:00:00]} 2. d4 {[%emt 0:00:16]} g6 3. c3 d5 {[%emt 0:00:55]} 4. Bf4 {[%emt 0:02:19]} Bg7 {[%emt 0:00:17]} 5. e3 {[%emt 0:00:19]} O-O {[%emt 0:00:12]} 6. Be2 {[%emt 0:07:15]} c5 {[%emt 0:05:19]} 7. b4 {[%emt 0:01:11]} b6 {[%emt 0:03:03]} 8. O-O {[%emt 0:01:00]} Bf5 {[%emt 0:04:03]} 9. Nbd2 {[%emt 0:03:37]} Nh5 {[%emt 0:06:01]} 10. Be5 {[%emt 0:13:53]} Nd7 {[%emt 0:04:01]} 11. Bxg7 {[%emt 0:03:14]} Nxg7 {[%emt 0:00:14]} 12. bxc5 {[%emt 0:01:22]} bxc5 {[%emt 0:00:14]} 13. c4 {[%emt 0:00:44]} cxd4 {[%emt 0:03:42]} 14. Nxd4 {[%emt 0:07:48]} Ne5 {[%emt 0:00:43]} 15. cxd5 {[%emt 0:01:10]} g5 {[%emt 0:10:41]} 16. N2f3 {[%emt 0:25:09]} Nxf3+ {[%emt 0:07:29]} 17. Bxf3 {[%emt 0:00:05]} Bd7 {[%emt 0:00:18]} 18. Nc6 {[%emt 0:06:53]} Bxc6 {[%emt 0:02:54]} 19. dxc6 {[%emt 0:00:05]} Qc7 {[%emt 0:02:58]} 20. Rb1 {[%emt 0:05:54]} Rad8 {[%emt 0:01:13]} 21. Qa4 {[%emt 0:03:52]} Ne6 {[%emt 0:02:25]} 22. Rb7 {[%emt 0:01:36]} Qd6 {[%emt 0:00:17]} 23. Qa5 {[%emt 0:09:37]} g4 {[%emt 0:01:05]} 24. Bxg4 {[%emt 0:00:58]} Qxc6 {[%emt 0:00:16]} 25. Rxe7 {[%emt 0:01:21]} Rd5 {[%emt 0:02:24]} 26. Bf3 {[%emt 0:01:07]} Rxa5 {[%emt 0:00:12]} 27. Bxc6 {[%emt 0:00:07]} Nd8 {[%emt 0:01:02]} 28. Be4 {[%emt 0:01:05]} Rxa2 {[%emt 0:00:14]} 29. Bd5 {[%emt 0:00:32]} Ra5 {[%emt 0:00:40]} 30. e4 {[%emt 0:00:39]} Kg7 {[%emt 0:01:47]} 31. Rc7 {[%emt 0:01:21]} Kf6 {[%emt 0:00:13]} 32. g3 {[%emt 0:00:44]} Ne6 {[%emt 0:00:09]} 33. Bxe6 {[%emt 0:00:27]} Kxe6 {[%emt 0:01:03]} 34. f4 {[%emt 0:00:01]} Rd8 35. Rfc1 Rd6 {[%emt 0:01:54]} 36. e5 {[%emt 0:01:39]} Rd7 {[%emt 0:02:14]} 37. R1c6+ {[%emt 0:00:29]} Ke7 {[%emt 0:00:08]} 38. Kf2 {[%emt 0:00:16]} Ra2+ {[%emt 0:00:54]} 39. Ke3 {[%emt 0:00:16]} a5 {[%emt 0:00:27]} 40. Rxd7+ {[%emt 0:00:34]} Kxd7 {[%emt 0:00:02]} 41. Rd6+ {[%emt 0:00:32]} Ke7 {[%emt 0:00:08]} 42. h4 {[%emt 0:00:16]} Ra3+ {[%emt 0:00:10]} 43. Kf2 {[%emt 0:01:03]} a4 {[%emt 0:00:07]} 44. Rd2 {[%emt 0:00:38]} h5 {[%emt 0:00:10]} 45. f5 {[%emt 0:00:30]} Rb3 {[%emt 0:00:42]} 46. Ra2 {[%emt 0:00:34]} a3 {[%emt 0:00:04]} 47. Ke1 {[%emt 0:00:26]} Rxg3 {[%emt 0:00:21]} 48. Kd1 {[%emt 0:00:12]} Kd7 {[%emt 0:00:40]} 49. Kc1 {[%emt 0:00:38]} Rf3 {[%emt 0:02:22]} 50. Rd2+ {[%emt 0:00:41]} Ke7 {[%emt 0:00:08]} 51. Kb1 {[%emt 0:00:32]} Rxf5 {[%emt 0:00:23]} 52. Rd3 Rxe5 {[%emt 0:00:16]} 53. Rxa3 {[%emt 0:00:27]} Re4 {[%emt 0:00:10]} 54. Ra7+ {[%emt 0:00:25]} Kf6 {[%emt 0:00:19]} 55. Kc2 {[%emt 0:00:33]} Rxh4 {[%emt 0:00:06]} 56. Kd3 {[%emt 0:00:05]} Rg4 {[%emt 0:00:34]} 57. Ke3 {[%emt 0:00:23]} Kg6 {[%emt 0:01:12]} 58. Kf3 {[%emt 0:01:29]} Rb4 {[%emt 0:00:09]} 59. Ra6+ {[%emt 0:00:24]} Kg5 {[%emt 0:00:14]} 60. Ra5+ {[%emt 0:00:34]} f5 {[%emt 0:00:55]} 0-1

[Event "Guimaraes Open 2019"]
[Site "Guimaraes"]
[Date "2019.09.01"]
[Round "7.29"]
[White "Soares, Luis Francisco Almei"]
[Black "Diaz Gomez, Mateo"]
[Result "1-0"]
[WhiteElo "2033"]
[BlackElo "1851"]
[Annotator "NA"]
[PlyCount "67"]
[EventDate "2019.08.28"]
[EventType "swiss"]
[EventCountry "POR"]
[SourceTitle "playchess.com"]
[Source "ChessBase"]
[SourceQuality "1"]
[TimeControl "5400+30"]

1. d4 {[%emt 0:00:00]} f5 {[%emt 0:00:00]} 2. e4 {[%emt 0:00:00]} fxe4 {[%emt 0:00:00]} 3. Nc3 {[%emt 0:00:00]} Nf6 {[%emt 0:00:00]} 4. Bg5 {[%emt 0:00:00]} Nc6 {[%emt 0:00:00]} 5. d5 {[%emt 0:01:09]} Ne5 {[%emt 0:00:00]} 6. Qd4 {[%emt 0:00:34]} d6 {[%emt 0:00:32]} 7. Nxe4 {[%emt 0:00:41]} c6 {[%emt 0:01:25]} 8. Nc3 {[%emt 0:12:59]} Qb6 {[%emt 0:11:46]} 9. Qxb6 {[%emt 0:02:25]} axb6 {[%emt 0:00:02]} 10. dxc6 {[%emt 0:01:50]} bxc6 {[%emt 0:00:21]} 11. f4 {[%emt 0:00:40]} Nf7 {[%emt 0:07:36]} 12. Bh4 {[%emt 0:00:47]} Bf5 {[%emt 0:04:04]} 13. O-O-O {[%emt 0:03:54]} Ne4 {[%emt 0:03:46]} 14. Nge2 {[%emt 0:05:04]} Nxc3 {[%emt 0:03:26]} 15. Nxc3 {[%emt 0:00:06]} e5 {[%emt 0:01:36]} 16. fxe5 {[%emt 0:00:18]} Nxe5 {[%emt 0:00:12]} 17. h3 {[%emt 0:01:57]} Be7 {[%emt 0:04:20]} 18. Bxe7 {[%emt 0:01:31]} Kxe7 {[%emt 0:00:02]} 19. g4 {[%emt 0:00:19]} Be6 {[%emt 0:03:41]} 20. a3 {[%emt 0:02:37]} Rhf8 {[%emt 0:00:43]} 21. Be2 {[%emt 0:02:15]} Rf2 {[%emt 0:01:42]} 22. Rxd6 {[%emt 0:07:56]} Bd5 {[%emt 0:06:37]} 23. Rxd5 {[%emt 0:07:49]} cxd5 {[%emt 0:03:03]} 24. Nxd5+ {[%emt 0:00:34]} Kf8 {[%emt 0:01:54]} 25. Rf1 {[%emt 0:12:47]} Rxf1+ {[%emt 0:00:54]} 26. Bxf1 {[%emt 0:00:06]} Nf3 {[%emt 0:01:03]} 27. Bg2 {[%emt 0:02:11]} Nh4 {[%emt 0:01:17]} 28. Be4 {[%emt 0:00:38]} Re8 {[%emt 0:00:38]} 29. Nc3 {[%emt 0:03:08]} Re5 {[%emt 0:00:45]} 30. Kd2 {[%emt 0:00:21]} h5 {[%emt 0:00:08]} 31. Ke3 {[%emt 0:00:49]} hxg4 {[%emt 0:00:54]} 32. hxg4 {[%emt 0:00:33]} g5 {[%emt 0:00:59]} 33. a4 {[%emt 0:00:58]} Rc5 {[%emt 0:00:50]} 34. Kd4 {[%emt 0:00:35]} 1-0

[Event "Guimaraes Open 2019"]
[Site "Guimaraes"]
[Date "2019.09.01"]
[Round "7.30"]
[White "Andrade, Ricardo Sarmento"]
[Black "Sanleon Pravisano, Nieves"]
[Result "0-1"]
[WhiteElo "1756"]
[BlackElo "1995"]
[Annotator "NA"]
[PlyCount "62"]
[EventDate "2019.08.28"]
[EventType "swiss"]
[EventCountry "POR"]
[SourceTitle "playchess.com"]
[Source "ChessBase"]
[SourceQuality "1"]
[TimeControl "5400+30"]

1. d4 {[%emt 0:02:34]} d5 {[%emt 0:00:00]} 2. Bf4 {[%emt 0:00:06]} Nf6 {[%emt 0:00:00]} 3. e3 {[%emt 0:00:03]} e6 {[%emt 0:00:00]} 4. Nd2 {[%emt 0:00:13]} c5 {[%emt 0:00:00]} 5. c3 {[%emt 0:00:03]} Nc6 {[%emt 0:00:08]} 6. Bd3 {[%emt 0:00:05]} Bd6 {[%emt 0:00:07]} 7. Bg3 {[%emt 0:00:50]} O-O {[%emt 0:00:16]} 8. Ngf3 {[%emt 0:00:04]} b6 {[%emt 0:00:25]} 9. Qe2 {[%emt 0:00:45]} Bb7 {[%emt 0:09:30]} 10. Rd1 {[%emt 0:03:48]} Ne7 {[%emt 0:02:04]} 11. dxc5 {[%emt 0:02:17]} bxc5 {[%emt 0:03:02]} 12. e4 {[%emt 0:00:26]} Bxg3 {[%emt 0:19:42]} 13. hxg3 {[%emt 0:00:19]} Ng6 {[%emt 0:02:01]} 14. Ng5 {[%emt 0:11:09]} h6 {[%emt 0:14:02]} 15. e5 {[%emt 0:00:44]} Nd7 {[%emt 0:00:42]} 16. Bxg6 {[%emt 0:02:23]} Qxg5 {[%emt 0:02:52]} 17. Bd3 {[%emt 0:04:38]} Qxe5 {[%emt 0:01:22]} 18. Bb5 {[%emt 0:00:28]} Qxe2+ {[%emt 0:00:24]} 19. Kxe2 {[%emt 0:00:04]} Nf6 {[%emt 0:00:50]} 20. f3 {[%emt 0:00:14]} a5 {[%emt 0:04:34]} 21. Nb3 {[%emt 0:02:53]} Rfc8 {[%emt 0:00:08]} 22. Kd2 {[%emt 0:07:30]} a4 {[%emt 0:04:33]} 23. Nc1 {[%emt 0:00:04]} c4 {[%emt 0:02:24]} 24. b3 {[%emt 0:01:47]} axb3 {[%emt 0:00:25]} 25. axb3 {[%emt 0:00:08]} cxb3 {[%emt 0:00:23]} 26. Nxb3 {[%emt 0:02:23]} Ra2+ {[%emt 0:00:32]} 27. Kd3 {[%emt 0:00:09]} Rxg2 {[%emt 0:01:28]} 28. Rhg1 {[%emt 0:00:25]} Rxg1 {[%emt 0:01:52]} 29. Rxg1 {[%emt 0:00:02]} Bc6 {[%emt 0:00:38]} 30. Ba6 {[%emt 0:00:36]} Ra8 {[%emt 0:00:17]} 31. Ra1 {[%emt 0:01:15]} Rxa6 {[%emt 0:00:39]} 0-1

[Event "Guimaraes Open 2019"]
[Site "Guimaraes"]
[Date "2019.09.01"]
[Round "7.31"]
[White "Tevar Becerra, Alvaro"]
[Black "Santos, Jose Miguel Sereno"]
[Result "0-1"]
[WhiteElo "1990"]
[BlackElo "1749"]
[Annotator "NA"]
[PlyCount "122"]
[EventDate "2019.08.28"]
[EventType "swiss"]
[EventCountry "POR"]
[SourceTitle "playchess.com"]
[Source "ChessBase"]
[SourceQuality "1"]
[TimeControl "5400+30"]

1. e4 {[%emt 0:00:00]} c6 {[%emt 0:02:20]} 2. d4 {[%emt 0:00:00]} d5 {[%emt 0:00:16]} 3. exd5 {[%emt 0:00:00]} cxd5 {[%emt 0:00:06]} 4. Bb5+ {[%emt 0:00:02]} Nc6 {[%emt 0:01:12]} 5. Nc3 {[%emt 0:01:28]} Nf6 {[%emt 0:00:35]} 6. Nf3 {[%emt 0:00:06]} a6 {[%emt 0:02:23]} 7. Bxc6+ {[%emt 0:00:19]} bxc6 {[%emt 0:00:07]} 8. Ne5 {[%emt 0:00:07]} Bd7 {[%emt 0:00:39]} 9. O-O {[%emt 0:00:19]} e6 {[%emt 0:00:07]} 10. Bg5 {[%emt 0:00:35]} Be7 {[%emt 0:00:13]} 11. a4 {[%emt 0:01:35]} a5 {[%emt 0:00:23]} 12. Qd3 {[%emt 0:03:52]} O-O {[%emt 0:01:20]} 13. Rab1 {[%emt 0:03:58]} Ne8 14. Bxe7 {[%emt 0:00:35]} Qxe7 {[%emt 0:15:46]} 15. Nxd7 {[%emt 0:00:34]} Qxd7 {[%emt 0:01:37]} 16. b4 {[%emt 0:00:10]} axb4 {[%emt 0:00:12]} 17. Rxb4 {[%emt 0:00:01]} Nd6 {[%emt 0:00:12]} 18. Rfb1 {[%emt 0:00:32]} Rfc8 {[%emt 0:01:43]} 19. h3 {[%emt 0:04:22]} f6 {[%emt 0:19:46]} 20. Qg3 {[%emt 0:03:07]} c5 {[%emt 0:05:46]} 21. dxc5 {[%emt 0:02:52]} Rxc5 {[%emt 0:00:41]} 22. Rb8+ {[%emt 0:09:34]} Rc8 23. Rxa8 {[%emt 0:01:48]} Rxa8 {[%emt 0:00:37]} 24. Rb6 {[%emt 0:01:06]} Nf5 {[%emt 0:00:17]} 25. Rb8+ {[%emt 0:02:05]} Kf7 {[%emt 0:00:13]} 26. Qf4 {[%emt 0:00:34]} Ra7 {[%emt 0:04:32]} 27. Qb4 {[%emt 0:00:29]} Qe7 {[%emt 0:02:15]} 28. Qb6 {[%emt 0:02:48]} Nd6 {[%emt 0:01:01]} 29. Nb5 {[%emt 0:00:58]} Nxb5 {[%emt 0:00:13]} 30. Qxb5 {[%emt 0:02:30]} Qd7 {[%emt 0:01:10]} 31. Ra8 {[%emt 0:13:19]} Rb7 {[%emt 0:00:50]} 32. Qc5 {[%emt 0:01:58]} Qe7 {[%emt 0:06:25]} 33. Qc8 {[%emt 0:04:55]} Rc7 {[%emt 0:01:50]} 34. Qb8 {[%emt 0:00:45]} Rb7 {[%emt 0:00:59]} 35. Qg8+ {[%emt 0:00:18]} Kg6 {[%emt 0:00:07]} 36. g3 {[%emt 0:01:47]} d4 {[%emt 0:06:09]} 37. Rb8 {[%emt 0:04:32]} Ra7 {[%emt 0:00:37]} 38. Re8 {[%emt 0:03:35]} Qf7 {[%emt 0:00:16]} 39. Qh8 {[%emt 0:02:21]} Rxa4 {[%emt 0:00:13]} 40. Rb8 {[%emt 0:01:24]} Qd7 {[%emt 0:01:37]} 41. g4 {[%emt 0:01:10]} Ra1+ {[%emt 0:00:12]} 42. Kh2 {[%emt 0:00:24]} Qd6+ {[%emt 0:00:09]} 43. Kg2 {[%emt 0:00:12]} Qc6+ {[%emt 0:00:10]} 44. Kg3 {[%emt 0:00:22]} Kh6 {[%emt 0:09:14]} 45. Qf8 {[%emt 0:01:47]} Qxc2 {[%emt 0:02:11]} 46. g5+ {[%emt 0:07:03]} fxg5 {[%emt 0:00:32]} 47. Re8 {[%emt 0:01:17]} Qd3+ {[%emt 0:01:46]} 48. Kh2 {[%emt 0:02:24]} Qe4 {[%emt 0:00:18]} 49. Rxe6+ {[%emt 0:04:15]} Qxe6 {[%emt 0:00:30]} 50. Qf3 {[%emt 0:00:33]} Qd6+ {[%emt 0:00:20]} 51. Kg2 {[%emt 0:00:01]} Ra3 {[%emt 0:00:23]} 52. Qe4 {[%emt 0:00:12]} Ra6 {[%emt 0:00:32]} 53. Qd3 {[%emt 0:00:33]} Qd5+ {[%emt 0:00:21]} 54. Kh2 {[%emt 0:00:01]} Rf6 {[%emt 0:00:20]} 55. Kg3 {[%emt 0:00:31]} Qe5+ {[%emt 0:00:18]} 56. Kg2 {[%emt 0:00:14]} Qf4 {[%emt 0:00:06]} 57. f3 {[%emt 0:00:07]} Qe3 {[%emt 0:00:06]} 58. Qf1 d3 {[%emt 0:00:11]} 59. h4 {[%emt 0:00:21]} gxh4 {[%emt 0:00:21]} 60. Qh1 {[%emt 0:00:15]} Qxf3+ {[%emt 0:00:07]} 61. Kh2 {[%emt 0:00:20]} Qg3# {[%emt 0:01:00]} 0-1

[Event "Guimaraes Open 2019"]
[Site "Guimaraes"]
[Date "2019.09.01"]
[Round "7.32"]
[White "Pipiras, Filipa Fortuna"]
[Black "Guimaraes, Henrique Oliveira"]
[Result "0-1"]
[WhiteElo "1959"]
[BlackElo "1412"]
[Annotator "NA"]
[PlyCount "52"]
[EventDate "2019.08.28"]
[EventType "swiss"]
[EventCountry "POR"]
[SourceTitle "playchess.com"]
[Source "ChessBase"]
[SourceQuality "1"]
[TimeControl "5400+30"]

1. d4 {[%emt 0:04:37]} d5 {[%emt 0:00:00]} 2. c4 {[%emt 0:00:17]} e6 {[%emt 0:00:04]} 3. Nc3 {[%emt 0:00:23]} c5 {[%emt 0:00:38]} 4. cxd5 {[%emt 0:02:00]} exd5 {[%emt 0:01:16]} 5. Nf3 {[%emt 0:00:38]} Nc6 {[%emt 0:00:37]} 6. g3 {[%emt 0:01:10]} Nf6 {[%emt 0:01:13]} 7. Bg2 {[%emt 0:00:47]} Be7 {[%emt 0:00:32]} 8. O-O {[%emt 0:02:00]} O-O {[%emt 0:00:59]} 9. dxc5 {[%emt 0:10:10]} d4 10. Na4 {[%emt 0:05:02]} b5 {[%emt 0:25:30]} 11. cxb6 {[%emt 0:00:41]} axb6 {[%emt 0:02:03]} 12. b3 {[%emt 0:07:58]} Ra7 {[%emt 0:07:37]} 13. Re1 {[%emt 0:17:56]} Bf5 {[%emt 0:09:53]} 14. Nh4 {[%emt 0:04:07]} Be4 {[%emt 0:02:31]} 15. f3 {[%emt 0:01:59]} Bd5 {[%emt 0:01:28]} 16. e4 {[%emt 0:08:16]} Be6 {[%emt 0:02:49]} 17. Bf1 {[%emt 0:02:28]} Ra5 {[%emt 0:10:10]} 18. Bd2 {[%emt 0:05:41]} Bb4 {[%emt 0:08:17]} 19. Nb2 {[%emt 0:03:08]} Qd7 {[%emt 0:05:06]} 20. Nd3 {[%emt 0:05:37]} Bc3 {[%emt 0:04:44]} 21. Rc1 {[%emt 0:06:09]} Rxa2 {[%emt 0:01:43]} 22. Bxc3 {[%emt 0:01:09]} dxc3 {[%emt 0:00:38]} 23. Re2 {[%emt 0:02:06]} Rxe2 {[%emt 0:05:03]} 24. Bxe2 {[%emt 0:00:28]} Nd4 {[%emt 0:00:28]} 25. Rxc3 {[%emt 0:01:21]} Nxe2+ {[%emt 0:00:38]} 26. Qxe2 {[%emt 0:00:19]} Qd4+ {[%emt 0:00:10]} 0-1

[Event "Guimaraes Open 2019"]
[Site "Guimaraes"]
[Date "2019.09.01"]
[Round "7.33"]
[White "Silva, Daniel Frederico V"]
[Black "Marques, Ricardo Taborda Trig"]
[Result "1-0"]
[WhiteElo "1655"]
[BlackElo "1958"]
[Annotator "NA"]
[PlyCount "110"]
[EventDate "2019.08.28"]
[EventType "swiss"]
[EventCountry "POR"]
[SourceTitle "playchess.com"]
[Source "ChessBase"]
[SourceQuality "1"]
[TimeControl "5400+30"]

1. e4 {[%emt 0:00:42]} d6 {[%emt 0:00:00]} 2. d4 {[%emt 0:01:16]} Nf6 {[%emt 0:00:00]} 3. Nc3 {[%emt 0:01:17]} c6 {[%emt 0:00:00]} 4. Nf3 {[%emt 0:06:32]} Bg4 {[%emt 0:01:25]} 5. Be2 {[%emt 0:01:09]} e6 {[%emt 0:00:14]} 6. h3 {[%emt 0:01:46]} Bh5 {[%emt 0:00:27]} 7. Be3 {[%emt 0:04:57]} Be7 {[%emt 0:00:47]} 8. Qd2 {[%emt 0:03:16]} d5 {[%emt 0:00:33]} 9. e5 {[%emt 0:02:34]} Nfd7 {[%emt 0:00:06]} 10. Bg5 {[%emt 0:05:08]} a6 {[%emt 0:00:43]} 11. Bxe7 {[%emt 0:01:22]} Qxe7 {[%emt 0:00:40]} 12. a3 {[%emt 0:08:21]} Bxf3 {[%emt 0:01:13]} 13. gxf3 {[%emt 0:01:14]} c5 {[%emt 0:00:42]} 14. dxc5 {[%emt 0:00:26]} Nc6 {[%emt 0:01:25]} 15. f4 {[%emt 0:00:27]} Qxc5 {[%emt 0:01:23]} 16. b4 {[%emt 0:07:16]} Qa7 {[%emt 0:09:50]} 17. Rd1 {[%emt 0:07:43]} O-O {[%emt 0:04:19]} 18. Rg1 {[%emt 0:04:26]} Ne7 {[%emt 0:11:03]} 19. h4 {[%emt 0:10:12]} f6 {[%emt 0:05:00]} 20. Bg4 {[%emt 0:04:38]} f5 {[%emt 0:01:25]} 21. Bh5 {[%emt 0:07:46]} Rac8 {[%emt 0:01:24]} 22. Ne2 {[%emt 0:01:33]} Qb6 {[%emt 0:03:47]} 23. Qd4 {[%emt 0:05:10]} g6 {[%emt 0:02:58]} 24. Qxb6 {[%emt 0:00:50]} Nxb6 {[%emt 0:00:11]} 25. Nd4 {[%emt 0:00:08]} Kf7 {[%emt 0:00:05]} 26. Be2 {[%emt 0:01:24]} Rc3 {[%emt 0:01:05]} 27. Rg3 {[%emt 0:00:25]} Rfc8 {[%emt 0:01:21]} 28. Rxc3 {[%emt 0:01:32]} Rxc3 {[%emt 0:00:05]} 29. Rd3 {[%emt 0:00:20]} Rc4 {[%emt 0:06:03]} 30. Kd2 {[%emt 0:02:19]} Nc6 {[%emt 0:00:54]} 31. Nxc6 {[%emt 0:01:55]} Rxc6 {[%emt 0:01:11]} 32. Rd4 {[%emt 0:01:47]} Rc7 {[%emt 0:04:37]} 33. Bf1 {[%emt 0:00:40]} Kg7 {[%emt 0:00:38]} 34. Be2 {[%emt 0:00:32]} Kh6 {[%emt 0:01:28]} 35. c3 {[%emt 0:01:56]} Nc4+ {[%emt 0:05:30]} 36. Bxc4 {[%emt 0:02:40]} Rxc4 {[%emt 0:00:06]} 37. Rxc4 {[%emt 0:00:09]} dxc4 {[%emt 0:00:04]} 38. Ke3 {[%emt 0:00:04]} Kh5 {[%emt 0:00:15]} 39. Kd4 {[%emt 0:00:06]} b5 {[%emt 0:00:06]} 40. Kc5 {[%emt 0:00:10]} Kxh4 {[%emt 0:00:05]} 41. Kd6 {[%emt 0:00:09]} Kg4 {[%emt 0:00:19]} 42. Kxe6 {[%emt 0:00:05]} h5 {[%emt 0:00:10]} 43. Kd6 {[%emt 0:00:43]} h4 {[%emt 0:00:06]} 44. e6 {[%emt 0:00:03]} h3 {[%emt 0:00:04]} 45. e7 {[%emt 0:00:03]} h2 {[%emt 0:00:09]} 46. e8=Q h1=Q {[%emt 0:00:07]} 47. Qxg6+ {[%emt 0:00:07]} Kf3 {[%emt 0:01:07]} 48. Qxf5 {[%emt 0:01:15]} Qh6+ {[%emt 0:00:31]} 49. Kc5 {[%emt 0:00:45]} Kxf2 {[%emt 0:07:02]} 50. Qe5 {[%emt 0:00:41]} Kf3 {[%emt 0:02:54]} 51. f5 {[%emt 0:00:20]} Kg4 {[%emt 0:04:14]} 52. f6 {[%emt 0:00:27]} Qf8+ {[%emt 0:00:50]} 53. Qe7 {[%emt 0:00:24]} Qc8+ {[%emt 0:00:18]} 54. Kb6 {[%emt 0:00:35]} Qb8+ {[%emt 0:01:31]} 55. Ka5 {[%emt 0:00:12]} Kf3 1-0

[Event "Guimaraes Open 2019"]
[Site "Guimaraes"]
[Date "2019.09.01"]
[Round "7.34"]
[White "Vasconcelos, Roberio"]
[Black "Korning, Peter"]
[Result "0-1"]
[WhiteElo "1836"]
[BlackElo "1972"]
[Annotator "NA"]
[PlyCount "92"]
[EventDate "2019.08.28"]
[EventType "swiss"]
[EventCountry "POR"]
[SourceTitle "playchess.com"]
[Source "ChessBase"]
[SourceQuality "1"]
[TimeControl "5400+30"]

1. e4 {[%emt 0:00:00]} e5 {[%emt 0:00:00]} 2. Nf3 {[%emt 0:00:00]} Nc6 {[%emt 0:00:00]} 3. Bb5 {[%emt 0:01:12]} a6 {[%emt 0:00:00]} 4. Ba4 {[%emt 0:00:17]} Nf6 {[%emt 0:00:00]} 5. Nc3 {[%emt 0:00:58]} b5 {[%emt 0:01:40]} 6. Bb3 {[%emt 0:00:33]} Bc5 {[%emt 0:03:36]} 7. d3 {[%emt 0:02:32]} h6 {[%emt 0:03:43]} 8. O-O {[%emt 0:01:59]} d6 {[%emt 0:00:30]} 9. h3 {[%emt 0:03:00]} O-O {[%emt 0:03:10]} 10. a3 {[%emt 0:07:21]} Nd4 {[%emt 0:08:26]} 11. Nxd4 {[%emt 0:01:08]} Bxd4 {[%emt 0:01:54]} 12. Ne2 {[%emt 0:00:08]} Ba7 {[%emt 0:09:12]} 13. Ng3 {[%emt 0:01:30]} d5 {[%emt 0:05:39]} 14. exd5 {[%emt 0:02:36]} Nxd5 {[%emt 0:03:30]} 15. Qf3 {[%emt 0:02:40]} Be6 {[%emt 0:09:37]} 16. Nh5 {[%emt 0:00:30]} Nf4 {[%emt 0:23:17]} 17. Bxf4 {[%emt 0:02:18]} exf4 {[%emt 0:00:16]} 18. c4 {[%emt 0:02:08]} Bd4 {[%emt 0:04:44]} 19. Rab1 {[%emt 0:02:22]} g5 {[%emt 0:00:56]} 20. Bc2 {[%emt 0:00:44]} Qd7 {[%emt 0:01:38]} 21. b3 {[%emt 0:01:55]} Rfe8 {[%emt 0:00:50]} 22. Rbd1 {[%emt 0:04:24]} Bf5 {[%emt 0:01:04]} 23. Nxf4 {[%emt 0:01:09]} gxf4 {[%emt 0:00:35]} 24. Qxf4 {[%emt 0:00:08]} Kh7 {[%emt 0:01:43]} 25. Rfe1 {[%emt 0:00:49]} Bg6 {[%emt 0:01:27]} 26. cxb5 {[%emt 0:10:25]} axb5 {[%emt 0:00:23]} 27. a4 {[%emt 0:00:26]} c5 {[%emt 0:01:12]} 28. axb5 {[%emt 0:08:48]} Qxb5 {[%emt 0:00:58]} 29. Rxe8 {[%emt 0:09:13]} Rxe8 {[%emt 0:00:45]} 30. Qg4 {[%emt 0:01:04]} Qb4 {[%emt 0:01:03]} 31. Rf1 {[%emt 0:14:23]} Qd2 {[%emt 0:00:52]} 32. Qd1 {[%emt 0:05:49]} Qxd1 {[%emt 0:01:36]} 33. Rxd1 {[%emt 0:00:20]} Re2 {[%emt 0:00:14]} 34. Bb1 {[%emt 0:00:30]} Rxf2 {[%emt 0:00:16]} 35. Kh1 {[%emt 0:00:27]} Kg7 {[%emt 0:00:29]} 36. Rc1 {[%emt 0:02:13]} Rb2 {[%emt 0:02:01]} 37. Bc2 {[%emt 0:00:47]} Be3 {[%emt 0:00:23]} 38. Re1 {[%emt 0:00:15]} Bd2 {[%emt 0:00:16]} 39. Rb1 {[%emt 0:00:54]} Rxc2 {[%emt 0:00:11]} 40. d4 {[%emt 0:00:19]} cxd4 {[%emt 0:00:16]} 41. b4 {[%emt 0:00:28]} Rc1+ {[%emt 0:00:09]} 42. Rxc1 {[%emt 0:00:23]} Bxc1 {[%emt 0:00:02]} 43. Kg1 {[%emt 0:01:18]} Be3+ {[%emt 0:00:14]} 44. Kf1 {[%emt 0:00:20]} Bd3+ {[%emt 0:00:03]} 45. Ke1 {[%emt 0:00:30]} Kf6 {[%emt 0:00:11]} 46. g4 {[%emt 0:00:51]} Ke5 {[%emt 0:00:20]} 0-1

[Event "Guimaraes Open 2019"]
[Site "Guimaraes"]
[Date "2019.09.01"]
[Round "7.35"]
[White "Nunes, Eduardo"]
[Black "Bertomeu Ginestar, Antoni"]
[Result "0-1"]
[WhiteElo "1566"]
[BlackElo "1883"]
[Annotator "NA"]
[PlyCount "78"]
[EventDate "2019.08.28"]
[EventType "swiss"]
[EventCountry "POR"]
[SourceTitle "playchess.com"]
[Source "ChessBase"]
[SourceQuality "1"]
[TimeControl "5400+30"]

1. e4 {[%emt 0:00:00]} c5 {[%emt 0:00:00]} 2. Nf3 {[%emt 0:00:00]} d6 {[%emt 0:00:00]} 3. d4 {[%emt 0:00:00]} cxd4 {[%emt 0:00:00]} 4. Nxd4 {[%emt 0:00:05]} Nf6 {[%emt 0:00:01]} 5. Nc3 {[%emt 0:00:04]} g6 {[%emt 0:00:06]} 6. Bb5+ {[%emt 0:01:33]} Bd7 {[%emt 0:01:03]} 7. Bxd7+ {[%emt 0:03:46]} Nbxd7 {[%emt 0:00:48]} 8. O-O {[%emt 0:02:20]} Bg7 {[%emt 0:00:53]} 9. f4 {[%emt 0:02:35] B70: Sicilian Dragon: 6 g3 and 6 Be2 (without a later Be3)} (9. Be3 O-O 10. f4 a6 11. Nde2 b5 12. a3 Rc8 13. Qd2 Nb6 14. Rab1 Nc4 15. Qd3 Nxe3 16. Qxe3 Ng4 17. Qg3 Qb6+ {0-1 (32) Vasilev,M (2481)-Petrov,M (2537) Sofia 2011}) 9... O-O {[%emt 0:05:26]} 10. Kh1 {[%emt 0:02:25]} Rc8 {[%emt 0:02:01]} 11. Be3 {[%emt 0:02:41]} a6 {[%emt 0:07:43]} 12. a4 {[%emt 0:04:25]} Qb6 $146 {[%emt 0:07:23]} ({Predecessor:} 12... Rxc3 13. bxc3 Nxe4 14. Qf3 Ndc5 15. f5 Nxc3 16. Rae1 N3e4 {0-1 (68) Laxman,R (2390)-Mihajlovic,V (2306) playchess.com INT 2006}) 13. Rb1 {[%emt 0:10:36]} Qb4 {[%emt 0:03:48]} 14. f5 {[%emt 0:06:28]} Ne5 {[%emt 0:03:54]} 15. Bg5 {[%emt 0:05:28]} Ned7 {[%emt 0:30:40]} 16. Re1 {[%emt 0:09:26]} Rfe8 {[%emt 0:01:03]} 17. Nb3 {[%emt 0:04:46]} Rc4 {[%emt 0:11:08]} 18. Nd2 {[%emt 0:06:01]} Rc5 {[%emt 0:04:47]} 19. Rf1 {[%emt 0:03:48]} e6 {[%emt 0:07:29]} 20. Bxf6 {[%emt 0:03:53]} Nxf6 {[%emt 0:00:06]} 21. fxg6 {[%emt 0:00:24]} hxg6 {[%emt 0:01:52]} 22. Qf3 {[%emt 0:00:26]} Rf8 {[%emt 0:00:36]} 23. Nb3 {[%emt 0:02:52]} Re5 {[%emt 0:00:26]} 24. Rbe1 {[%emt 0:00:15]} Qc4 {[%emt 0:01:17]} 25. Re2 {[%emt 0:02:21]} b5 {[%emt 0:00:26]} 26. axb5 {[%emt 0:00:48]} axb5 {[%emt 0:00:02]} 27. Nd2 {[%emt 0:01:05]} Qc6 {[%emt 0:00:08]} 28. Qd3 {[%emt 0:02:27]} b4 $17 {[%emt 0:00:42]} 29. Nd1 {[%emt 0:00:56]} d5 {[%emt 0:01:43]} 30. exd5 {[%emt 0:01:34]} Rxd5 {[%emt 0:00:01]} 31. Qb3 {[%emt 0:01:08]} Rfd8 {[%emt 0:02:16]} 32. Qxb4 {[%emt 0:00:57]} Qd7 {[%emt 0:02:29]} 33. Rff2 {[%emt 0:05:13]} Rd4 {[%emt 0:00:08]} 34. Qc3 {[%emt 0:03:47]} Ng4 {[%emt 0:00:20]} 35. Rf3 {[%emt 0:02:09]} Rxd2 {[%emt 0:00:25]} 36. Qxd2 {[%emt 0:00:20]} Qxd2 {[%emt 0:00:06]} 37. Rxd2 {[%emt 0:00:05]} Rxd2 {[%emt 0:00:02]} 38. Nc3 {[%emt 0:00:47]} Bxc3 {[%emt 0:00:18]} 39. h3 {[%emt 0:00:08]} Rd1+ 0-1